Katy Perry's songs - Statistics

General Stats
  • This quiz has been taken 948 times
  • The average score is 8 of 10
Answer Stats
Hint Answer % Correct
Do you ever feel like a plastic bag, drifting through the wind wanting to start again... Firework
96%
I know a place where the grass is really greener... California girls
90%
You change your mind Like a girl changes clothes... Hot and cold
88%
Let’s go all the way tonight no regrets just love ... Teenage Dream
87%
Us girls we are so magical Soft skin, red lips, so kissable Hard to resist so touchable... I kissed a girl
86%
You're so hypnotising could u be the devil, could you be an angel... E.T
83%
Summer after high school when we first met We make-out in your Mustang to Radiohead... The one that got away
78%
Days like this I want to drive away Pack my bags and watch your shadow fade... Part of me
75%
Falling from cloud 9 crashing from the high i'm letting go tonight... Wide awake
67%
Come on baby let me see what you're hiding underneath... Peacock
57%
No matching quizzes found
Score Distribution
Percent of People with Each Score
Percentile by Number Answered
Your Score History
You have not taken this quiz